00395nam a2200157Ia 450000500170000000800460001703700290006304000200009204100130011208400090012510000170013424500530015126000090020430000090021354600150022220250508153928.0008 250505s9999 xx 000 0 ger d aBooks to be hide in OPAC aFEDLbengcFEDL ager2eng qFEDL aHartmam Karl 0aHumaniftifcher unterricht und bildende kunft don c1909 a84p. aWeeded out